Asangayillathe gaveshanam arambikkam/ (Record no. 181871)

000 -LEADER
fixed length control field 00378nam a22001457a 4500
020 ## - INTERNATIONAL STANDARD BOOK NUMBER
ISBN 9789393969965
082 ## - DEWEY DECIMAL CLASSIFICATION NUMBER
Classification number M 001.42
Item number ASH/A
100 ## - MAIN ENTRY--AUTHOR NAME
Personal name Ashok D'cruz
245 ## - TITLE STATEMENT
Title Asangayillathe gaveshanam arambikkam/
Statement of responsibility, etc by Ashok D'cruz
250 ## - EDITION STATEMENT
Edition statement 3rd ed.
260 ## - PUBLICATION, DISTRIBUTION, ETC. (IMPRINT)
Place of publication Kozhikode:
Name of publisher Pavanatma Publishers,
Year of publication 2024.
300 ## - PHYSICAL DESCRIPTION
Number of Pages 196p.
650 ## - SUBJECT ADDED ENTRY--TOPICAL TERM
Topical Term Research Methodology
942 ## - ADDED ENTRY ELEMENTS (KOHA)
Koha item type Book
Holdings
Withdrawn status Lost status Damaged status Not for loan Permanent Location Current Location Shelving location Date acquired Cost, normal purchase price Full call number Accession Number Price effective from Koha item type
        Sree Sankaracharya University of Sanskrit Sree Sankaracharya University of Sanskrit Stacks 29.05.2026 390.00 M 001.42 ASH/A 108985 29.05.2026 Book